Zdokonalení systému měnové analýzy subdodávka VŠE Bratislava

Na minha lista:
Detalhes bibliográficos
Autor principal: Hlavatá, Irena
Formato: Livro
Idioma:tcheco
Publicado em: Praha Výzkumný ústav finanční a úvěrové soustavy 1978
Tags: Adicionar Tag
Sem tags, seja o primeiro a adicionar uma tag!

MARC

LEADER 00000nam a2200000 4500
001 c138839
005 20181203150511.8
041 0 |a cze 
044 |a CZ 
245 1 0 |a Zdokonalení systému měnové analýzy  |b subdodávka VŠE Bratislava  |c Irena Hlavatá 
264 1 |a Praha  |b Výzkumný ústav finanční a úvěrové soustavy  |c 1978 
300 |a 73 s. 
100 1 |a Hlavatá, Irena